Cần Thơ xưa và nay /
שמור ב:
| מחבר ראשי: | |
|---|---|
| פורמט: | Sách giấy |
| שפה: | Vietnamese |
| יצא לאור: |
Sàigòn :
Cánh Bằng ,
1966
|
| תגים: |
הוספת תג
אין תגיות, היה/י הראשונ/ה לתייג את הרשומה!
|
| Thư viện lưu trữ: | Thư viện Trường Đại học Đà Lạt |
|---|
| LEADER | 00567nam a2200253 4500 | ||
|---|---|---|---|
| 001 | DLU020013030 | ||
| 005 | ##6/5/2000 | ||
| 020 | # | # | |a 978- |
| 041 | # | # | |a vie |
| 082 | # | # | |a 911.597 |b HU-M |
| 090 | # | # | |a 911.597 |b HU-M |
| 100 | # | # | |a Huỳnh Minh |
| 245 | # | # | |a Cần Thơ xưa và nay / |c Huỳnh Minh |
| 260 | # | # | |a Sàigòn : |b Cánh Bằng , |c 1966 |
| 300 | # | # | |a 316 tr.; |c 21 cm. |
| 992 | # | # | |a 474 |
| 994 | # | # | |a DLU |
| 900 | # | # | |a False |
| 911 | # | # | |a Administrator |
| 925 | # | # | |a G |
| 926 | # | # | |a A |
| 927 | # | # | |a SH |
| 980 | # | # | |a Thư viện Trường Đại học Đà Lạt |